000 01218nam a22002177a 4500
005 20250408150857.0
008 250408b |||||||| |||| 00| 0 eng d
020 _a9781682857748
037 _cTextual
040 _aRTL
_cRTL
084 _aX:31-8F R0
_qRTL
100 _aTaylor, Julia
_9751940
245 _aSustainability accounting and management
260 _aNew York
_bWillford Press
_c2020
300 _avi, 232p. ill
_bBibliography chapterwise, Index
520 _aThe subcategory of financial accounting which focuses on the disclosure of non-financial information about a firm's performance is known as sustainability accounting. It generally reports to external stakeholders, such as capital holders, creditors and other authorities. The activities which have a direct impact on society, environment and economic performance of an organization are represented by sustainability accounting. Corporate sustainability reporting and triple bottom line accounting are the two most widely used measurements in this discipline.
650 _aSocial Accounting
_9751941
650 _aSustainable development reporting
_9751942
650 _aIndustrial management
942 _2CC
_cTB
_hX:31-8F R0
_n0
999 _c1308539
_d1308539